Analýza hodnotenia relevantnosti ratingového modelu banky dizertačná práca

Gespeichert in:
Bibliographische Detailangaben
1. Verfasser: Trunkvalter, Ľuboš
Körperschaft: Ekonomická univerzita v Bratislave. Fakulta podnikového manažmentu
Weitere Verfasser: Kráľovič, Jozef
Format: Buch
Sprache:Slowakisch
Veröffentlicht: Bratislava 2011
Schlagworte:
Tags: Tag hinzufügen
Keine Tags, Fügen Sie das erste Tag hinzu!

MARC

LEADER 00000nam a2200000 4500
001 0136748
005 20230227094119.8
041 0 |a slo 
044 |a SK 
245 1 0 |a Analýza hodnotenia relevantnosti ratingového modelu banky  |b dizertačná práca  |c Ľuboš Trunkvalter ; školiteľ: Jozef Kráľovič 
264 1 |a Bratislava  |c 2011 
300 |a 130 s. 
610 2 0 |a rating 
610 2 0 |a banky 
610 2 0 |a modelovanie 
610 2 0 |a rating úverový 
610 2 0 |a riziko bankové 
100 1 |a Trunkvalter, Ľuboš 
700 1 |a Kráľovič, Jozef 
710 2 |a Ekonomická univerzita v Bratislave. Fakulta podnikového manažmentu